| 000 | 00671nam a2200205 a 4500 | ||
|---|---|---|---|
| 005 | 20240925065502.0 | ||
| 008 | 021107s1996 es r 000 0 spa d | ||
| 020 | _a8480632208 | ||
| 035 | _aUPN01000120808 | ||
| 049 | _aCG | ||
| 050 | 4 |
_aLC191 _bC3.4 |
|
| 100 | 1 |
_aCarbonell i Sebarroja, Jaume _931462 |
|
| 245 | 1 | 3 |
_aLa escuela : _bentre la utopía y la realidad : diez temas de sociología de la educación / _cJaume Carbonell i Sebarroja. |
| 260 |
_aBarcelona, Esp. : _bEumo : _bOctaedro, _c1996. |
||
| 300 | _a249 p. | ||
| 440 | 0 |
_aRecursos ; _v15 |
|
| 650 | 4 |
_aSociología de la educación _94896 |
|
| 650 | 4 |
_aEducación _xAspectos sociales _95311 |
|
| 905 | _aLibro | ||
| 999 |
_c93142 _d93142 |
||